[Event "Titled Tuesday intern op 23rd May Late"]
[Site "Chess.com INT"]
[Date "2023.05.23"]
[Round "2"]
[White "Essa, Naseem Ahmed"]
[Black "Mazurkiewicz, Michal"]
[Result "0-1"]
[WhiteElo "1983"]
[BlackElo "2145"]
[PlyCount "62"]
[EventDate "2023.05.23"]
[EventType "swiss (blitz)"]
[EventRounds "11"]
[EventCountry "USA"]
[SourceTitle "EXT 2024"]
[Source "ChessBase"]
[SourceDate "2023.10.10"]
[SourceVersion "1"]
[SourceVersionDate "2023.10.10"]
[SourceQuality "1"]

1. d4 Nf6 2. c4 e5 3. dxe5 Ng4 4. Nf3 Bc5 5. e3 Nc6 6. Be2 0-0 7. 0-0 Re8 8. a3 a5 9. b3 Ncxe5 10. Bb2 Ra6 11. Nxe5 Nxe5 12. Nd2 Rh6 13. g3 d6 14. b4 axb4 15. axb4 Bxb4 16. Ra8 Qe7 17. Nf3 Bh3 18. Qa4 Rxa8 19. Qxa8+ Qf8 20. Qxf8+ Kxf8 21. Ra1 Nc6 22. Ra8+ Ke7 23. Bxg7 Re6 24. Ng5 Rg6 25. Nxh3 Rxg7 26. Nf4 Bc5 27. Bf3 Ne5 28. Bxb7 c6 29. Rc8 Kd7 30. Rf8 Kc7 31. Bc8 d5 0-1

[Event "Titled Tuesday intern op 23rd May Late"]
[Site "Chess.com INT"]
[Date "2023.05.23"]
[Round "4"]
[White "Rodriguez Santiago, Jaime"]
[Black "Essa, Naseem Ahmed"]
[Result "1-0"]
[WhiteElo "2026"]
[BlackElo "1983"]
[PlyCount "65"]
[EventDate "2023.05.23"]
[EventType "swiss (blitz)"]
[EventRounds "11"]
[EventCountry "USA"]
[SourceTitle "EXT 2024"]
[Source "ChessBase"]
[SourceDate "2023.10.10"]
[SourceVersion "1"]
[SourceVersionDate "2023.10.10"]
[SourceQuality "1"]

1. c4 e5 2. Nc3 Nf6 3. g3 c5 4. Bg2 Nc6 5. e4 g6 6. Nge2 Bg7 7. 0-0 0-0 8. d3 d6 9. h3 Ne8 10. Be3 f5 11. f4 Nf6 12. Nd5 Nd4 13. Nxd4 cxd4 14. Bd2 Be6 15. Rc1 Rb8 16. fxe5 dxe5 17. Bb4 Rf7 18. Nxf6+ Bxf6 19. exf5 gxf5 20. Qh5 Bg5 21. Rce1 Be3+ 22. Kh1 Rg7 23. Qf3 Qg5 24. Bd6 Re8 25. Bxe5 Rf7 26. Bf4 Qg6 27. Bxe3 dxe3 28. Rxe3 f4 29. gxf4 Ref8 30. Re4 Bf5 31. Rd4 Bxd3 32. Qxd3 Qh5 33. Bd5 1-0

[Event "Durban Umhlanga"]
[Site "Durban"]
[Date "2019.04.20"]
[Round "4"]
[White "Govindasamy, Nashlen"]
[Black "Essa, Naseem Ahmed"]
[Result "1/2-1/2"]
[WhiteElo "2047"]
[BlackElo "1823"]
[PlyCount "71"]
[EventDate "2019.04.19"]
[EventType "tourn"]
[EventRounds "6"]
[EventCountry "RSA"]
[SourceTitle "EXT 2021"]
[Source "ChessBase"]
[SourceDate "2020.10.23"]
[SourceVersion "1"]
[SourceVersionDate "2020.10.23"]
[SourceQuality "1"]

1. d4 d5 2. c4 e6 3. Nf3 Nf6 4. g3 dxc4 5. Bg2 a6 6. 0-0 Nc6 7. e3 Bd7 8. Qe2 b5 9. b3 cxb3 10. axb3 Be7 11. Bd2 0-0 12. Rc1 Ra7 13. e4 Nb4 14. Ne5 Be8 15. Be3 Nd7 16. Nf3 Nb6 17. Nc3 Qb8 18. h4 Bc6 19. Ne5 Ba8 20. Qg4 Bf6 21. Nf3 Rd8 22. h5 c5 23. dxc5 Nd7 24. h6 g6 25. e5 Bxf3 26. Qxf3 Bxe5 27. c6 Rc7 28. Ne4 Rxc6 29. Rab1 Rxc1+ 30. Rxc1 Nd5 31. Bg5 Rc8 32. Rd1 f5 33. Nd2 Qd6 34. Re1 Rc2 35. Qd3 Rc3 36. Qe2 1/2-1/2

[Event "Durban CC-ch"]
[Site "Durban"]
[Date "2019.03.21"]
[Round "2"]
[White "Chetty, Lloyd Chris"]
[Black "Essa, Naseem Ahmed"]
[Result "1/2-1/2"]
[WhiteElo "1311"]
[BlackElo "1979"]
[PlyCount "63"]
[EventDate "2019.03.14"]
[EventType "tourn"]
[EventRounds "9"]
[EventCountry "RSA"]
[SourceTitle "EXT 2020"]
[Source "ChessBase"]
[SourceDate "2019.10.17"]
[SourceVersion "1"]
[SourceVersionDate "2019.10.17"]
[SourceQuality "1"]

1. d4 d5 2. Bf4 c5 3. c3 Nc6 4. Nf3 Qb6 5. Qb3 c4 6. Qxb6 axb6 7. e3 Nf6 8. Nbd2 b5 9. a3 Bf5 10. Be2 b4 11. 0-0 bxc3 12. bxc3 e6 13. Nh4 Rxa3 14. Nxf5 exf5 15. Rxa3 Bxa3 16. Rb1 0-0 17. Rxb7 Bc1 18. Nb1 Ne4 19. Bd1 Ra8 20. Bc2 g6 21. Rb6 Nd8 22. Bxe4 fxe4 23. Rb8 Rxb8 24. Bxb8 Nc6 25. Bc7 Na7 26. Bd6 Nb5 27. Bb4 f5 28. Kf1 f4 29. Ke2 fxe3 30. fxe3 Kf7 31. g3 Ke6 32. h3 1/2-1/2

[Event "World ol U16"]
[Site "Ahmedabad"]
[Date "2017.12.11"]
[Round "1.5"]
[White "Saydaliev, Saidakbar"]
[Black "Essa, Naseem Ahmed"]
[Result "1-0"]
[WhiteElo "2362"]
[BlackElo "1864"]
[PlyCount "67"]
[EventDate "2017.12.11"]
[EventType "team-swiss"]
[EventRounds "9"]
[EventCountry "IND"]
[SourceTitle "CBM 182 Extra"]
[Source "ChessBase"]
[SourceDate "2018.02.23"]
[SourceVersion "1"]
[SourceVersionDate "2018.02.23"]
[SourceQuality "1"]
[WhiteTeam "Uzbekistan"]
[BlackTeam "South Africa"]
[WhiteTeamCountry "UZB"]
[BlackTeamCountry "RSA"]

1. d4 Nf6 2. Nf3 d5 3. c4 e6 4. g3 Be7 5. Bg2 0-0 6. 0-0 dxc4 7. Qc2 a6 8. a4 Nc6 9. Qxc4 Qd5 10. Qd3 Rd8 11. Be3 Qh5 12. Qc3 Ng4 13. Rc1 Bf6 14. Nbd2 e5 15. Ne4 exd4 16. Nxf6+ gxf6 17. Bxd4 Nxd4 18. Nxd4 Qxh2+ 19. Kf1 Ne5 20. Nf3 Nxf3 21. Qxf3 Bh3 22. Bxh3 Qxh3+ 23. Kg1 c6 24. Rc4 Qe6 25. Rf4 Rd6 26. Kg2 Re8 27. e4 Rd4 28. Re1 Kg7 29. Rg4+ Kh8 30. Rh4 Rg8 31. Qe3 Rxa4 32. Rxh7+ Kxh7 33. Rh1+ Kg7 34. Qh6# 1-0

[Event "South African op"]
[Site "Durban"]
[Date "2017.07.16"]
[Round "4"]
[White "Essa, Naseem Ahmed"]
[Black "Tlale, Tshepang"]
[Result "1-0"]
[WhiteElo "1682"]
[BlackElo "1927"]
[PlyCount "97"]
[EventDate "2017.07.14"]
[EventType "swiss"]
[EventRounds "11"]
[EventCountry "RSA"]
[SourceTitle "EXT 2018"]
[Source "ChessBase"]
[SourceDate "2017.10.13"]
[SourceVersion "1"]
[SourceVersionDate "2017.10.13"]
[SourceQuality "1"]

1. c4 e5 2. g3 Nc6 3. Bg2 f5 4. Nc3 Nf6 5. e3 g6 6. d4 e4 7. Nge2 Bg7 8. Nf4 d6 9. h4 Ne7 10. d5 Ng4 11. Nb5 c5 12. dxc6 Nxc6 13. 0-0 Be5 14. Rb1 a6 15. Nd4 Qf6 16. Nd5 Qg7 17. Nxc6 bxc6 18. Qa4 Qb7 19. Bd2 0-0 20. Nf4 Bd7 21. Rfd1 d5 22. Bc3 c5 23. Qa3 dxc4 24. Qxc5 Bxc3 25. bxc3 Qc6 26. Qd5+ Qxd5 27. Rxd5 Bb5 28. Bf1 Rac8 29. Rb4 Rfe8 30. a4 Bc6 31. Rd4 Ne5 32. Bxc4+ Nxc4 33. Rbxc4 Bb7 34. Rxc8 Bxc8 35. Nd5 Kf7 36. Nb6 Bb7 37. c4 Re6 38. c5 Bc6 39. Kf1 Re5 40. Rc4 Re8 41. Ke2 Rd8 42. Rd4 Rxd4 43. exd4 Ke6 44. Kd2 h6 45. Kc3 Bd5 46. Nxd5 Kxd5 47. Kd2 g5 48. hxg5 hxg5 49. Ke3 1-0

[Event "RSA-ch U14"]
[Site "Gauteng"]
[Date "2017.04.10"]
[Round "9"]
[White "Essa, Naseem Ahmed"]
[Black "Dhevcharran, Kahill"]
[Result "1-0"]
[WhiteElo "1855"]
[BlackElo "1324"]
[PlyCount "68"]
[EventDate "2017.04.05"]
[EventType "swiss"]
[EventRounds "11"]
[EventCountry "RSA"]
[SourceTitle "CBM 177 Extra"]
[Source "ChessBase"]
[SourceDate "2017.04.27"]
[SourceVersion "1"]
[SourceVersionDate "2017.04.27"]
[SourceQuality "1"]

1. e4 e5 2. Nf3 Nc6 3. Bb5 a6 4. Ba4 Nf6 5. 0-0 Be7 6. Re1 b5 7. Bb3 d6 8. c3 0-0 9. h3 Bb7 10. d4 h6 11. Nbd2 Re8 12. Nf1 Bf8 13. Ng3 Na5 14. Bc2 g6 15. a4 Nc6 16. dxe5 dxe5 17. Qe2 b4 18. cxb4 Nxb4 19. Rd1 Qe7 20. Bb3 Rad8 21. Bd2 Nc6 22. Rac1 Nd4 23. Nxd4 exd4 24. Qc4 c5 25. Re1 Rc8 26. f4 Bg7 27. e5 Bd5 28. Qd3 Bxb3 29. exf6 Qxf6 30. Qxb3 Qd6 31. Ne4 Qf8 32. Qc4 Re6 33. Ng3 Rb6 34. b4 Rbc6 1-0

[Event "RSA-ch U14"]
[Site "Gauteng"]
[Date "2017.04.08"]
[Round "7"]
[White "Essa, Naseem Ahmed"]
[Black "Mhango, Banele"]
[Result "1-0"]
[WhiteElo "1855"]
[BlackElo "1460"]
[PlyCount "81"]
[EventDate "2017.04.05"]
[EventType "swiss"]
[EventRounds "11"]
[EventCountry "RSA"]
[SourceTitle "CBM 177 Extra"]
[Source "ChessBase"]
[SourceDate "2017.04.27"]
[SourceVersion "1"]
[SourceVersionDate "2017.04.27"]
[SourceQuality "1"]

1. d4 Nf6 2. Nf3 g6 3. g3 Bg7 4. Bg2 0-0 5. 0-0 d6 6. c4 Nbd7 7. Nc3 e5 8. e4 Qe7 9. h3 c6 10. d5 Ne8 11. Ne1 Nb6 12. Qe2 f5 13. a4 fxe4 14. a5 Nd7 15. dxc6 bxc6 16. Bxe4 Nb8 17. Bg2 Bb7 18. Nd3 Qc7 19. Nb4 a6 20. Be3 Nd7 21. Rfd1 Bf6 22. Qd2 Be7 23. Ncd5 Qd8 24. Nxc6 Bxc6 25. Nxe7+ Qxe7 26. Bxc6 Rd8 27. Bg5 Ndf6 28. Bh6 Rf7 29. Bg5 Nc7 30. b4 Qe6 31. Bxf6 Rxf6 32. Bd5 Nxd5 33. Qxd5 Rc8 34. Qxe6+ Rxe6 35. Rac1 Kf7 36. b5 Rc5 37. b6 Rxa5 38. b7 Re8 39. Rxd6 Rb8 40. c5 Ke7 41. c6 1-0

[Event "Durban Ethekwini op"]
[Site "Durban"]
[Date "2017.03.19"]
[Round "3"]
[White "Essa, Naseem Ahmed"]
[Black "Millard, Chad"]
[Result "1-0"]
[WhiteElo "1855"]
[BlackElo "1203"]
[PlyCount "117"]
[EventDate "2017.03.18"]
[EventType "swiss"]
[EventRounds "7"]
[EventCountry "RSA"]
[SourceTitle "CBM 177 Extra"]
[Source "ChessBase"]
[SourceDate "2017.04.27"]
[SourceVersion "1"]
[SourceVersionDate "2017.04.27"]
[SourceQuality "1"]

1. Nf3 d5 2. g3 Nf6 3. Bg2 Bf5 4. 0-0 Nbd7 5. d4 c5 6. c4 e6 7. cxd5 exd5 8. dxc5 Bxc5 9. Nc3 Be4 10. Nd4 0-0 11. Nb3 Qc7 12. Nxc5 Nxc5 13. Bg5 Rad8 14. Bxf6 gxf6 15. Qd4 Bxg2 16. Kxg2 Qc6 17. Rac1 f5 18. Kg1 Ne6 19. Qd3 d4 20. Nb1 Qe4 21. Rfd1 Rc8 22. Nd2 Qxd3 23. exd3 Rc5 24. Nb3 Rc6 25. Rxc6 bxc6 26. Rc1 Rc8 27. Rc4 c5 28. Ra4 Rc7 29. Nd2 f6 30. Ra6 Kf7 31. Nc4 Ke7 32. Nd6 Ng7 33. Nb5 Rb7 34. Rxa7 Rxa7 35. Nxa7 Kd7 36. Nb5 Ne6 37. f4 Nd8 38. Kf2 Nc6 39. Ke2 Nb4 40. a4 Nd5 41. Na3 Kc6 42. h3 Nb6 43. b3 Nd5 44. Nc2 Kb6 45. Kf3 h5 46. g4 hxg4+ 47. hxg4 fxg4+ 48. Kxg4 f5+ 49. Kxf5 Ne3+ 50. Ke6 Nxc2 51. f5 Nb4 52. f6 Nc6 53. f7 Nd8+ 54. Ke7 Nxf7 55. Kxf7 Ka5 56. Ke6 Kb4 57. Kd5 c4 58. bxc4 Kc3 59. Ke4 1-0

[Event "Wch U14"]
[Site "Khanty-Mansiysk"]
[Date "2016.09.30"]
[Round "8"]
[White "Essa, Naseem Ahmed"]
[Black "Neelash, Saha"]
[Result "0-1"]
[WhiteElo "1771"]
[BlackElo "2020"]
[PlyCount "56"]
[EventDate "2016.09.22"]
[EventType "swiss"]
[EventRounds "11"]
[EventCountry "RUS"]
[SourceTitle "EXT 2017"]
[Source "ChessBase"]
[SourceDate "2016.10.25"]
[SourceVersion "1"]
[SourceVersionDate "2016.10.25"]
[SourceQuality "1"]

1. d4 e6 2. c4 f5 3. g3 Nf6 4. Bg2 d5 5. Nf3 c6 6. 0-0 Bd6 7. Nc3 Ne4 8. Rb1 Qe7 9. c5 Bc7 10. Bf4 b6 11. b4 Ba6 12. Bxc7 Qxc7 13. cxb6 axb6 14. Nxe4 fxe4 15. Ne5 Bb5 16. Qc2 0-0 17. Rfc1 Qd6 18. f3 Ra4 19. Qb2 exf3 20. exf3 Nd7 21. Nxd7 Qxd7 22. a3 Rfa8 23. Ra1 Qd6 24. f4 Bc4 25. Bf1 c5 26. Bxc4 dxc4 27. Rxc4 cxb4 28. Rxb4 Qxb4 0-1

[Event "Wch U14"]
[Site "Khanty-Mansiysk"]
[Date "2016.09.25"]
[Round "4"]
[White "Essa, Naseem Ahmed"]
[Black "Thybo, Thomas Sondergaard"]
[Result "1-0"]
[WhiteElo "1771"]
[BlackElo "1971"]
[PlyCount "64"]
[EventDate "2016.09.22"]
[EventType "swiss"]
[EventRounds "11"]
[EventCountry "RUS"]
[SourceTitle "EXT 2017"]
[Source "ChessBase"]
[SourceDate "2016.10.25"]
[SourceVersion "1"]
[SourceVersionDate "2016.10.25"]
[SourceQuality "1"]

1. d4 Nf6 2. c4 g6 3. Nf3 Bg7 4. g3 0-0 5. Bg2 d6 6. 0-0 Nbd7 7. Nc3 c6 8. e4 e5 9. h3 a6 10. Be3 b5 11. dxe5 dxe5 12. Qd6 bxc4 13. Rad1 Qa5 14. Nd2 c5 15. a3 Ne8 16. Qc6 Rb8 17. Nxc4 Qc7 18. Nd5 Qxc6 19. Ne7+ Kh8 20. Nxc6 Rb3 21. Rd2 f5 22. N6a5 Rb5 23. a4 Rxa5 24. Nxa5 f4 25. Rxd7 Bxd7 26. Bxc5 Rf7 27. Rd1 Bxa4 28. Rd8 Rc7 29. b4 Bf6 30. Ra8 Bb5 31. Bf1 Bc6 32. Nxc6 Rxc6 1-0

[Event "Wch U14"]
[Site "Khanty-Mansiysk"]
[Date "2016.09.24"]
[Round "3"]
[White "Horn, Aldo"]
[Black "Essa, Naseem Ahmed"]
[Result "0-1"]
[WhiteElo "1307"]
[BlackElo "1771"]
[PlyCount "65"]
[EventDate "2016.09.22"]
[EventType "swiss"]
[EventRounds "11"]
[EventCountry "RUS"]
[SourceTitle "EXT 2017"]
[Source "ChessBase"]
[SourceDate "2016.10.25"]
[SourceVersion "1"]
[SourceVersionDate "2016.10.25"]
[SourceQuality "1"]

1. e4 c5 2. Nc3 Nc6 3. f4 e6 4. Bc4 a6 5. a4 Nge7 6. d3 d5 7. Bb3 g6 8. exd5 exd5 9. Qe2 Be6 10. Bd2 Bg7 11. Ba2 Nd4 12. Qd1 Nef5 13. Nf3 Nxf3+ 14. Qxf3 Nd4 15. Qd1 Qh4+ 16. g3 Qh3 17. Kf2 0-0-0 18. Qf1 Nxc2 19. Qxh3 Bxh3 20. Rac1 Bd4+ 21. Kf3 Nb4 22. Bb1 h5 23. Be3 Bxe3 24. Kxe3 d4+ 25. Kd2 dxc3+ 26. Rxc3 b6 27. Re1 Rd7 28. Re4 Kb7 29. a5 Bf5 30. Rec4 Rxd3+ 31. Bxd3 Rd8 32. Kc1 Rxd3 33. axb6 0-1

[Event "RSA-ch U14"]
[Site "Bloemfontein"]
[Date "2016.03.24"]
[Round "9"]
[White "Essa, Naseem Ahmed"]
[Black "Govender, Eli Jordan"]
[Result "0-1"]
[WhiteElo "1785"]
[BlackElo "1480"]
[PlyCount "50"]
[EventDate "2016.03.20"]
[EventType "swiss"]
[EventRounds "11"]
[EventCountry "RSA"]
[SourceTitle "CBM 171 Extra"]
[Source "ChessBase"]
[SourceDate "2016.04.26"]
[SourceVersion "1"]
[SourceVersionDate "2016.04.26"]
[SourceQuality "1"]

1. d4 Nf6 2. c4 c5 3. d5 b5 4. cxb5 a6 5. Nc3 axb5 6. e4 b4 7. Nb5 d6 8. Bf4 g5 9. Bxg5 Nxe4 10. Bf4 Qa5 11. Qe2 b3+ 12. Kd1 Qxa2 13. Rc1 Bg7 14. Qxe4 0-0 15. Bd3 f5 16. Qxe7 Qxb2 17. Nxd6 Bd7 18. Nc4 Qxf2 19. Nh3 Qd4 20. Qe3 b2 21. Rb1 Ba4+ 22. Kd2 Qc3+ 23. Ke2 Re8 24. Qxe8+ Bxe8 25. Nxb2 Ra2 0-1

[Event "RSA-ch U14"]
[Site "Bloemfontein"]
[Date "2016.03.22"]
[Round "5"]
[White "Essa, Naseem Ahmed"]
[Black "Chetty, Cailin"]
[Result "1/2-1/2"]
[WhiteElo "1785"]
[BlackElo "1743"]
[PlyCount "48"]
[EventDate "2016.03.20"]
[EventType "swiss"]
[EventRounds "11"]
[EventCountry "RSA"]
[SourceTitle "CBM 171 Extra"]
[Source "ChessBase"]
[SourceDate "2016.04.26"]
[SourceVersion "1"]
[SourceVersionDate "2016.04.26"]
[SourceQuality "1"]

1. d4 Nf6 2. c4 g6 3. Nf3 Bg7 4. g3 d6 5. Bg2 0-0 6. 0-0 Nbd7 7. Nc3 e5 8. d5 Ne8 9. Ne1 f5 10. e4 f4 11. Nd3 Nc5 12. f3 a5 13. Ne2 g5 14. g4 Nxd3 15. Qxd3 Nf6 16. h3 h5 17. gxh5 Qe8 18. Kh2 Qxh5 19. Ng1 Kf7 20. c5 dxc5 21. Qc3 Ne8 22. Qxc5 Ra6 23. b3 Rh8 24. Bb2 Rhh6 1/2-1/2

[Event "RSA-ch U14"]
[Site "Bloemfontein"]
[Date "2016.03.22"]
[Round "4"]
[White "Malan, Jacques"]
[Black "Essa, Naseem Ahmed"]
[Result "0-1"]
[WhiteElo "1450"]
[BlackElo "1785"]
[PlyCount "88"]
[EventDate "2016.03.20"]
[EventType "swiss"]
[EventRounds "11"]
[EventCountry "RSA"]
[SourceTitle "CBM 171 Extra"]
[Source "ChessBase"]
[SourceDate "2016.04.26"]
[SourceVersion "1"]
[SourceVersionDate "2016.04.26"]
[SourceQuality "1"]

1. e4 e6 2. d4 d5 3. e5 c5 4. c3 Nc6 5. Nf3 Qb6 6. a3 c4 7. Be2 Bd7 8. 0-0 Na5 9. Nbd2 Ne7 10. Qe1 Nc8 11. Bd1 Qc7 12. Kh1 Nb6 13. b4 cxb3 14. Nxb3 Nac4 15. Nfd2 Na4 16. Nb1 Bb5 17. Be2 Qb6 18. N3d2 Na5 19. f4 Be7 20. f5 Rc8 21. f6 gxf6 22. exf6 Bd6 23. Rf3 Kd7 24. Rh3 Bxe2 25. Qxe2 Nb3 26. Nxb3 Qxb3 27. Bh6 Nxc3 28. Nxc3 Rxc3 29. Qh5 Rxh3 30. Qxh3 Qxh3 31. gxh3 Rc8 32. Rg1 e5 33. Rg7 Ke6 34. dxe5 Bxe5 35. Rxh7 Kxf6 36. Be3 d4 37. Bf2 Rc2 38. Bg3 Bxg3 39. hxg3 d3 40. Rh6+ Kg5 41. Rd6 d2 42. Rd5+ f5 43. h4+ Kg4 44. Rd4+ Kh3 0-1

[Event "RSA-chT U14"]
[Site "Cape Town"]
[Date "2016.01.06"]
[Round "5.1"]
[White "Varden, Trevelyn"]
[Black "Essa, Naseem Ahmed"]
[Result "0-1"]
[WhiteElo "1436"]
[BlackElo "1784"]
[PlyCount "66"]
[EventDate "2016.01.04"]
[EventType "team-tourn"]
[EventRounds "7"]
[EventCountry "RSA"]
[SourceTitle "CBM 170 Extra"]
[Source "ChessBase"]
[SourceDate "2016.02.25"]
[SourceVersion "1"]
[SourceVersionDate "2016.02.25"]
[SourceQuality "1"]
[WhiteTeam "Tshwane"]
[BlackTeam "Ethekwini"]
[WhiteTeamCountry "RSA"]
[BlackTeamCountry "RSA"]

1. c4 c5 2. g3 g6 3. Bg2 Bg7 4. Nc3 Nc6 5. Nf3 d6 6. 0-0 e5 7. e4 Nge7 8. d3 0-0 9. Ne1 f5 10. f4 Be6 11. Be3 Nd4 12. Nd5 Nec6 13. Nc2 Nxc2 14. Qxc2 Nd4 15. Bxd4 cxd4 16. b4 Bxd5 17. exd5 Qb6 18. Rab1 e4 19. c5 exd3 20. Qxd3 dxc5 21. bxc5 Qxc5 22. Rxb7 Rab8 23. Rfb1 Rxb7 24. Rxb7 Qc1+ 25. Qf1 Qe3+ 26. Qf2 Rc8 27. Qxe3 dxe3 28. Rb1 Bd4 29. Re1 Rc2 30. d6 Kf8 31. Bd5 e2+ 32. Kg2 Bc3 33. d7 Ke7 0-1

[Event "RSA-ch U12"]
[Site "Waterkloof"]
[Date "2015.04.09"]
[Round "9"]
[White "Essa, Naseem Ahmed"]
[Black "Fihla, Lonwabo Luvuyo"]
[Result "1-0"]
[WhiteElo "1667"]
[BlackElo "1290"]
[PlyCount "108"]
[EventDate "2015.04.04"]
[EventType "swiss"]
[EventRounds "9"]
[EventCountry "RSA"]
[SourceTitle "CBM 166 Extra"]
[Source "ChessBase"]
[SourceDate "2015.06.18"]
[SourceVersion "1"]
[SourceVersionDate "2015.06.18"]
[SourceQuality "1"]

1. e4 e5 2. Nf3 Nc6 3. Bb5 Bc5 4. c3 Nge7 5. 0-0 0-0 6. d4 exd4 7. cxd4 Bb6 8. Nc3 Ng6 9. Re1 Nh4 10. Nxh4 Qxh4 11. Be3 a6 12. Be2 d6 13. Qd2 Qf6 14. Rad1 Re8 15. Bh5 h6 16. Nd5 Qh4 17. Bf3 Bd7 18. Kh1 a5 19. b3 Kh8 20. g3 Qh3 21. Nf4 a4 22. Nxh3 Bxh3 23. b4 Bd7 24. a3 Re7 25. Bg2 Rae8 26. h3 Kg8 27. f4 f6 28. d5 Bxe3 29. Rxe3 Na7 30. Bf1 c6 31. Qd4 Nb5 32. Bxb5 cxb5 33. Kh2 f5 34. e5 dxe5 35. fxe5 Kh8 36. e6 Bc8 37. Rde1 Kh7 38. d6 Rxe6 39. Rxe6 Rxe6 40. Rxe6 Bxe6 41. d7 Bxd7 42. Qxd7 Kg6 43. g4 fxg4 44. hxg4 Kf6 45. Kg3 b6 46. Qxb5 g5 47. Qxb6+ Ke5 48. Qxh6 Kd4 49. Qxg5 Kc3 50. b5 Kb3 51. Qe3+ Kc4 52. b6 Kd5 53. b7 Kd6 54. b8Q+ Kd5 1-0